Statistics for A Level PE - Psychological influences on the team

Click here to take the quiz!

General Stats

  • This quiz has been taken 12 times
  • The average score is 5 of 22

Answer Stats

DefinitionKeyword% Correct
Those who just watch the eventAudience
100%
The positive effect of the presence of others on performanceSocial facilitation
100%
Those who are doing the same task but are not involved in direct competitionCo-actors
67%
Individuals relating to each other to interact in the groupSocial cohesion
67%
The negative effect of the presence of others on performanceSocial inhibition
67%
Individuals working together to achieve an end resultTask cohesion
67%
The outcome of group performacnceActual productivity
0%
The factors that might influence cohesionCarron's antecedents
0%
When others do the task at the same time but separatelyCo-action
0%
The perceived fear of being judgedEvaluation apprehension
0%
The things that go wrong to reduce group outcomes and prevent group potential being reachedFaulty processes
0%
Setting targetsGoal setting
0%
When a group works together to produce resultsInteraction
0%
A goal set against the performance of others and based on a resultOutcome goal
0%
When the athlete sets a goal to better their own performance rather than comparing to othersPerformance goal
0%
The best performance based on player ability and group resourcesPotential productivity
0%
Based on improving techniqueProcess goal
0%
When group performance decreases with group sizeRingelmann effect
0%
Individual loss of motivation in a team player due to lack of performance identification when individual efforts are not recognisedSocial loafing
0%
Those who have a direct influence on the eventSocial reinforcers
0%
Getting a better performanceTask-orientated goal
0%
A group that has interaction, shared goals, an identity and communicationTeam
0%

Score Distribution

Percentile by Number Answered

Percent of People with Each Score

Your Score History

You have not taken this quiz